书目信息 |
| 题名: |
土壤环境学
|
|
| 作者: | 曲向荣 编著 | |
| 分册: | ||
| 出版信息: | 北京 清华大学出版社 2010.11 |
|
| 页数: | 223页 | |
| 开本: | 23cm | |
| 丛书名: | ||
| 单 册: | ||
| 中图分类: | X144 | |
| 科图分类: | ||
| 主题词: | 土壤环境 , 土壤环境--高等学校--教材 | |
| 电子资源: | ||
| ISBN: | 978-7-302-23888-1 | |
| 000 | 00945nam0 2200277 450 | |
| 001 | 297474 | |
| 005 | 20110901120911.82 | |
| 010 | @a978-7-302-23888-1@dCNY28.00 | |
| 100 | @a20101215d2010 em y0chiy50 ea | |
| 101 | 0 | @achi |
| 102 | @aCN@b110000 | |
| 105 | @aa z 000yy | |
| 106 | @ar | |
| 200 | 1 | @a土壤环境学@dSoil environmental science@f曲向荣编著@zeng@Atu rang huan jing xue |
| 210 | @a北京@c清华大学出版社@d2010.11 | |
| 215 | @a223页@c图@d23cm | |
| 300 | @a高等学校环境类教材 | |
| 330 | @a本书系统阐述了土壤的自然属性、土壤的成因理论、土壤的环境功能、土壤的环境意义和有关化学过程等知识,介绍和讨论了当前土壤环境研究领域的前沿问题、有关机理,以及土壤污染研究、治理方法。 | |
| 510 | 1 | @aSoil environmental science@zeng |
| 586 | @a | |
| 606 | 0 | @a土壤环境 |
| 606 | 0 | @a土壤环境@x高等学校@j教材 |
| 690 | @aX144@v5 | |
| 701 | 0 | @a曲向荣@c(女,@f1961.1~)@4编著@Aqu xiang rong |
| 801 | 0 | @aCN@c20110610 |
| 905 | @dX144@eQ799 | |
| 土壤环境学=Soil environmental science/曲向荣编著.-北京:清华大学出版社,2010.11 |
| 223页:图;23cm |
| 高等学校环境类教材 |
| ISBN 978-7-302-23888-1:CNY28.00 |
| 本书系统阐述了土壤的自然属性、土壤的成因理论、土壤的环境功能、土壤的环境意义和有关化学过程等知识,介绍和讨论了当前土壤环境研究领域的前沿问题、有关机理,以及土壤污染研究、治理方法。 |
| ● |
| 相关链接 |
|
|
|
正题名:土壤环境学
索取号:X144/Q799
 
预约/预借
| 序号 | 登录号 | 条形码 | 馆藏地/架位号 | 状态 | 备注 |
| 1 | 1015361 | 210153616 | 自科库501/501自科库 62排6列1层/ [索取号:X144/Q799] | 在馆 | |
| 2 | 1015362 | 210153625 | 自科库501/501自科库 62排6列1层/ [索取号:X144/Q799] | 在馆 | |
| 3 | 1015363 | 210153634 | 自科库501/501自科库 62排6列1层/ [索取号:X144/Q799] | 在馆 |